| 000 | 01793 a2200217 4500 | ||
|---|---|---|---|
| 001 | 38583 | ||
| 005 | 20260407155648.0 | ||
| 008 | 260407a1965 arg spa d | ||
| 003 | AR-UNSa-BCEJYS | ||
| 040 |
_aAR-UNSa-BCEJYS _bspa _cAR-UNSa-BCEJYS |
||
| 080 |
_a658.8.012.12 _xInvestigación de mercados |
||
| 245 | 1 | 0 | _aComercialización y análisis del mercado |
| 250 | _a2a. ed. | ||
| 264 | 1 |
_aBuenos Aires : _bSelección Contable _c1965 |
|
| 300 |
_axx, 524 p. _c24 cm. |
||
| 505 | _a1. Alcance e importancia del análisis de mercado y distribución - 2. Organización de la investigación de mercados y distribución - 3. Tipos de investigación de mercado - 4. El método cientifico - 5. Métodos básicos de investigación de mercados - 6. El procesamiento de la investigación de mercados - 7. El análisis de la situación - 8. La investigación preliminar - 9. Planeando el proyecto de investigación formal - 10. Preparación de los formularios para la recolección de los datos - 11. Los principios del muestreo - 12. Planificación de la muestra para la investigación de mercado - 13. El plan final - 14. Recolección de los datos del mercado - 15. Tabulación y análisis - 16. Interpretación - 17. Presentación de los resultados y prosecución - 18. Investigaciones de motivaciones - 19. Investigaciones de operaciones - 20. La técnica de los jurados - 21. Método de análisis cuantitativo de mercados - 22. Investigación de la distribución - 23. Investigación e ventas - 24. Investigación publicitaria - 25. Investigación de productos - 26. Análisis de las tendencias del mercado - 27. Investigación de mercados industrial e institucional | ||
| 942 | _cBK | ||
| 590 | _aniveau_biblio:m niveau_hierar:0 | ||
| 100 | 1 | _aBrown, Lyndon O. | |
| 700 | 1 | _aBravo, Guillermo | |
| 999 |
_c2904 _d2904 |
||